LEADER 01166nam a2200277 i 4500 001 000000243625 003 CaOOAMICUS 005 20150714000000.0 008 150714s1993 it u000 u ita u 013 $a222530 020 $a88-397-0793-X 040 $aSeMil$bita 100 1 $a* Intestazione al titolo.$0(OLS)http://semarc/name/176 245 10$aGadda al microfono :$bL'ingegnere e la Rai 1950-1955 /$c; a cura di Giulio Ungarelli. 260 $aTorino :$bNuova Eri,$c1993. 300 $a221 p. :$bill. ;$c22 cm. 500 $aContiene : Appendice. 600 14$aGadda, Carlo Emilio <1893-1973>.$0(OLS)http://semarc/subject/12987 650 4$aTelevisione.$0(OLS)http://semarc/subject/8144 700 1 $aUngarelli, Giulio.$0(OLS)http://semarc/name/41192 850 $aSeMil 852 $aSeMil$W1$xVenegono$y1$m1O II 200 =$j193971$B193971$CSeMilBibl$Z2$F204648 $81 961 $aOmaggio: Martinelli don Romano 996 $6020$a88-397-0793-X$9(OLS)http://semarc/number/251482 996 $6245$aGadda al microfono :$bL'ingegnere e la Rai 1950-1955$9(OLS)http://semarc/title/345507 996 $6260$aTorino :$bNuova Eri$9(OLS)http://semarc/publisher/32850 LEADER 01295nam a2200301 i 4500 001 000000203450 003 CaOOAMICUS 005 20151118000000.0 008 151118s1994 it u000 u ita u 013 $a182163 020 $a88-17-15197-1 040 $aSeMil$bita 100 0 $aErasmus, Desiderius ,$d.$0(OLS)http://semarc/name/89173 245 10$aElogio della pazzia /$cErasmo da Rotterdam ; introduzione, traduzione e note di Claudio Annaratone. 260 $a[Milano] :$bBiblioteca Universale Rizzoli,$c1994. 300 $a167 p. ;$c20 cm. 490 0 $aSuperclassici ;$v97 650 4$aErasmo : da Rotterdam - Opere.$0(OLS)http://semarc/subject/952 700 1 $aAnnaratone, Claudio.$0(OLS)http://semarc/name/73455 830 0$aSuperclassici ;$v97.$0(OLS)http://semarc/title/38303 850 $aSeMil 852 $aSeMil$W1$xVenegono$y1$m2P II 837$j153944$B153944$CSeMilBibl$Z2$F208300 $81 900 0 $aErasmo : da Rotterdam. 961 $aOmaggio: Istituto San Vincenzo 996 $6020$a88-17-15197-1$9(OLS)http://semarc/number/196604 996 $6245$aElogio della pazzia$9(OLS)http://semarc/title/294635 996 $6260$a[Milano] :$bBiblioteca Universale Rizzoli$9(OLS)http://semarc/publisher/33333